00614pab a2200181 454500008004000000100001800040245008300058260000900141300001400150362000800164650003500172650003500207650001800242773004100260909001000301999001700311952010400328180718b2006 xxu||||| |||| 00| 0 eng d aKong, Tat Yan aGlobalization and labour market reform: patterns of response in Northeast Asia c2006 ap.359-83. aApr aGlobalization - Northeast Asia aLabour market - Northeast Asia aLabour market aBritish Journal of Political Science a71069 c71069d71069 00104070aIIPAbIIPAd2018-07-19hVolume no: 36, Issue no: 2pAR71529r2018-07-19w2018-07-19yAR